The Early Modern European Economy : (Record no. 610860)

MARC details
000 -LEADER
fixed length control field 00476nam a2200181 a 4500
001 - CONTROL NUMBER
control field 1770452097400
003 - CONTROL NUMBER IDENTIFIER
control field YourLibrary
005 - DATE AND TIME OF LATEST TRANSACTION
control field 20260207134850.0
008 - FIXED-LENGTH DATA ELEMENTS--GENERAL INFORMATION
fixed length control field 260207s1999##################000#0#eng##
020 ## - INTERNATIONAL STANDARD BOOK NUMBER
International Standard Book Number 9780333665411
082 04 - DEWEY DECIMAL CLASSIFICATION NUMBER
Classification number 330.94
Item number MUS
040 ## - CATALOGING SOURCE
Original cataloging agency YourLibrary
Language of cataloging eng
Transcribing agency YourLibrary
100 1# - MAIN ENTRY--PERSONAL NAME
Personal name Musgrave, Peter,
Relator term author.
245 10 - TITLE STATEMENT
Title The Early Modern European Economy :
260 ## - PUBLICATION, DISTRIBUTION, ETC.
Name of publisher, distributor, etc. Red Globe Press,
Date of publication, distribution, etc. 1999.
650 #0 - SUBJECT ADDED ENTRY--TOPICAL TERM
Topical term or geographic name entry element History.
942 ## - ADDED ENTRY ELEMENTS (KOHA)
Koha item type English Books
Holdings
Withdrawn status Lost status Damaged status Not for loan Home library Current library Shelving location Date acquired Total Checkouts Full call number Barcode Date last seen Price effective from Koha item type
        Anna Centenary Library Anna Centenary Library 4TH FLOOR, A WING 07.02.2026   330.94 MUS 307293 07.02.2026 07.02.2026 English Books

Find us on the map